Terminologie logistiky. 2

Vybrané pojmy z logistiky (D - I).

Guardado en:
Detalles Bibliográficos
Formato: Capítulo de libro
Lenguaje:checo
Materias:
Etiquetas: Agregar Etiqueta
Sin Etiquetas, Sea el primero en etiquetar este registro!

MARC

LEADER 00000naa a2200000 4500
001 r023083
005 20230922085833.7
041 0 |a cze 
044 |a CZ 
245 1 0 |a Terminologie logistiky. 2 
520 |a Vybrané pojmy z logistiky (D - I). 
610 2 0 |a logistika 
610 2 0 |a pojmy 
610 2 0 |a terminológia